000 00605nam a2200241Ia 4500
003 OSt
005 20221005131640.0
006 a|||||r|||| 00| 0
007 ta
008 221004b |||||||| |||| 00| 0 eng d
024 _a38678
037 _cTextual
040 _aCRL
_cCRL
_beng
041 _2eng
_aeng
082 _aO:3x, G6
100 _aPocock D A Ed.
_9639920
245 0 _aStories for reproduction
260 _c1936
490 _aKing treasuries of literature
650 _aENGLISH LITERATURE
942 _hO:3x, G6
_cTEXL
_2cc
999 _c1061015
_d1061015